[Event "Almaty Fizmat op"]
[Site "Almaty"]
[Date "2021.10.09"]
[Round "6"]
[White "Smagulov, Sanzhar"]
[Black "Kaliakhmet, Elnaz"]
[Result "1-0"]
[WhiteElo "1192"]
[BlackElo "1686"]
[PlyCount "116"]
[EventDate "2021.10.08"]
[EventType "swiss (rapid)"]
[EventRounds "9"]
[EventCountry "KAZ"]
[SourceTitle "EXT 2023"]
[Source "ChessBase"]
[SourceDate "2022.10.05"]
[SourceVersion "1"]
[SourceVersionDate "2022.10.05"]
[SourceQuality "1"]

1. e4 c5 2. Nf3 e6 3. d4 cxd4 4. Nxd4 a6 5. Nc3 Qc7 6. Qd3 Nf6 7. Qg3 Qxg3 8. hxg3 Bb4 9. f3 d5 10. e5 Nfd7 11. f4 Nc6 12. Nxc6 bxc6 13. Bd2 c5 14. a3 Ba5 15. Na4 Bxd2+ 16. Kxd2 Bb7 17. Be2 Bc6 18. Nc3 d4 19. Na2 Bxg2 20. Rh2 Bd5 21. b4 c4 22. Nc1 Nb6 23. Bf1 Rd8 24. Ne2 c3+ 25. Kd3 Bc4+ 26. Ke4 f5+ 27. exf6 gxf6 28. Nxd4 f5+ 29. Ke3 Nd5+ 30. Kf3 Bxf1 31. Rxf1 Kf7 32. Nc6 Rc8 33. Ne5+ Ke7 34. Rfh1 Nf6 35. Ng6+ hxg6 36. Rxh8 Rc4 37. Ra8 Rd4 38. Rxa6 Rd2 39. Re1 Ne4 40. Re2 Rd1 41. Rxe4 fxe4+ 42. Kxe4 Rd2 43. Rc6 Rxc2 44. Kd3 Rg2 45. Rxc3 Rxg3+ 46. Kc4 Rg4 47. Rf3 e5 48. Kd5 exf4 49. Ke5 g5 50. Kf5 Rg3 51. Rf2 Rxa3 52. Kxg5 f3 53. Rb2 Kd7 54. Kf4 Kc6 55. b5+ Kb6 56. Kg3 Ra5 57. Kxf3 Rxb5 58. Rxb5+ Kxb5 1-0